000 00886nam0a22002651 4500
001 v19\rc\1856573
005 20260407121948.0
035 _a(NLR Aleph) 004950651
090 _a5878912
_c5878912
100 _a20080221d1909 u y0rusy50 ca
101 0 _arus
102 _aRU
105 _aa z |||||
200 1 _aНаставление для обучения носильщиков в войсках. 1893 г.
210 _aСанкт-Петербург
_cВ. Березовский
_d1909
215 _aIV, 98 с., 2 л. ил.
_cил.
_d16
740 1 _aРоссия
_tВоенные уставы и наставления
_3RU\NLR\AUTH\889957977
_9412039
801 0 _aRU
_bNLR
_gpsbo
801 0 _aRU
_bRuMoRGB
_2psbo
801 1 _aRU
_bProSoft-M
_2rusmarc
852 _aNLR
_j34.50.8.710
899 _aRuMoRGB
_jV 114/1930
899 _aRuMoRGB
_jЪ 116/585
942 _cBOOK
980 _aNB